000 03620nab a2200337 i 4500
003 BR-BrBNA
005 20250326132505.0
008 250326b2017 bl.|r|pooa||| 00| 0 eng |
040 _aBR-BrBNA
_beng
072 _aL02
_b8890
072 _aL20
100 _aNaves, D.A.S.
100 _aCarvalho, T. S.G.
100 _aZangeronimo, M.G.
100 _aSaad, C.E.P.
100 _aScalon, J.D.
245 _aFood preferences of cockatiel chicks (Nymphicus hollandicus) in captivity
500 _a Publicação online; 21 ref.; Summaries (En, Pt)
520 _a ABSTRACT - In order to improve the management and maintenance of the quality of life of captive wild birds, this study aimed to assess the food preferences of cockatiel chicks (Nymphicus hollandicus) kept in captivity. Thirty-two cockatiel chicks, three to 12 months of age, were kept in a galvanized, wire-netted vivarium with six ceramic feeders, two for an extruded diet, two for a dry-mashed diet and two for a seed mixture. Both extruded and drymashed food are commercial psittacine diets. Three round ceramic pots were used to provide water. The birds were exposed to 12 hours of artificial light (40 W incandescent lamps) during the experimental period of 27 days. The birds were observed by video filming, daily, through an ad libitum observation technique. The food consumption was 3.34±0.42g/bird/day of extruded feed, 1.58±0.44g/bird/day of dry-mashed diet and 3.73±0.10g/bird/day of seed mixture. In conclusion, the cockatiel chicks preferred the seed mixture and the extruded food over the dry-mashed diet. Keywords: Animal behavior, psittacines, extruded food, food intake, seeds
520 _a RESUMO - Considerando a busca por melhorias no manejo e na manutenção da qualidade de vida de aves selvagens cativas, este trabalho teve como objetivo a avaliação da preferência alimentar de filhotes de calopsitas (Nymphicus hollandicus) mantidos em cativeiro. Trinta e dois filhotes de calopsitas com idade entre três e 12 meses de idade foram alojados em um viveiro de arame galvanizado contendo seis comedouros de cerâmica, sendo dois para ração extrusada, dois para ração farinhada e dois para a mistura de sementes. Tanto a ração extrusada quanto a ração farinhada são dietas comerciais para psitacídeos. Três potes redondos de cerâmica foram usados para fornecer água. As aves foram expostas a 12 horas de luz artificial (40W lâmpadas incandescentes) durante o período experimental de 27 dias. As aves foram observadas por filmagens de vídeo, diariamente, por meio de uma técnica de observação ad libitum. O consumo alimentar foi de 3,34±0,42g/ave/dia de ração extrusada, 1,58±0,44g/ave/dia de ração farinhada e 3,73±0,10g/ave/dia de mistura de sementes. Em conclusão, os filhotes de calopsitas preferiram a mistura de sementes e a ração extrusada em relação à ração farinhada. Palavras-chave: comportamento animal, psitacídeos, ração extrusada, ingestão de alimentos, sementes
650 _aAVE SELVAGEM
650 _aCATIVEIRO
650 _aRAÇÃO
650 _aCOMPORTAMENTO ANIMAL
650 _aPREFERÊNCIA ALIMENTAR
650 _aQUALIDADE DE VIDA
773 0 _01643
_9349324
_dBelo Horizonte-MG Universidade Federal de Minas Gerais - Escola de Veterinaria 1983
_o2025-1843
_tArquivo Brasileiro de Medicina Veterinária e Zootecnia (Brazil)
_x0102-0935
_gv. 69(3) p. 681-686; (2017)
_wBR2025000386
856 _uhttps://www.scielo.br/j/abmvz/a/8zpj4KWTsTWJDb9ZyLLvcTH/?format=pdf&lang=en
942 _cANA
999 _c330675
_d330675